| 000 | 01827cam a2200313 i 4500 | ||
|---|---|---|---|
| 001 | 23267451 | ||
| 003 | OSt | ||
| 005 | 20260109102444.0 | ||
| 006 | m |o d | | ||
| 007 | cr ||||||||||| | ||
| 008 | 110902s2011 ilu ob 001 0 eng | ||
| 010 | _a 2023702584 | ||
| 020 | _z9780815721802 | ||
| 040 | _c. | ||
| 082 | _a303.4954 COH | ||
| 245 | 0 | 4 |
_aThe future of Pakistan / _cStephen P. Cohen and others. |
| 264 | 1 |
_aWashington, D.C. : _bBrookings Institution Press, _c[2011] |
|
| 264 | 4 | _c©2011 | |
| 300 | _axv, 311 p. | ||
| 505 | 0 | _aPakistan: arrival and departure / Stephen P. Cohen -- Pakistan's future: muddle along / Kanti Bajpai -- Radicalization, political violence, and militancy / Laila Bokhari -- Addressing fundamental challenges / Christine Fair -- Looking ahead / Tariq Fatemi -- The China factor / Mohan Guruswamy -- Factors shaping the future / William Milam -- The clash of interests and objectives / Shuja Nawaz -- Still an uncertain future / Shaukat Qadir -- Visualizing a shared India-Pakistan future / Bahukutumbi Raman -- At the brink? / Hasan Askari Rizvi -- Security, soldiers, and the state / Aqil Shah -- Looking at the crystal ball / Hilary Synnott -- Regime and system change / Marvin G. Weinbaum -- Population growth, urbanization, and female literacy / Anita M. Weiss -- The perils of prediction / Joshua T. White -- Youth and the future / Moeed W. Yusuf. | |
| 650 | 0 |
_aCivil-military relations _zPakistan _xHistory _y21st century. |
|
| 650 | 0 |
_aInternal security _zPakistan _xHistory _y21st century. |
|
| 651 | 0 |
_aPakistan _xPolitics and government _y21st century. |
|
| 651 | 0 |
_aPakistan _xForeign relations _y21st century. |
|
| 651 | 0 |
_aPakistan _xSocial conditions _y21st century. |
|
| 700 | 1 |
_aCohen, Stephen P., _d1936- |
|
| 942 |
_2ddc _cBK |
||
| 999 |
_c30171 _d30171 |
||